[Event "Najdorf Memorial"]
[Site "Warsaw POL"]
[Date "2024.07.14"]
[Round "6.12"]
[White "Romanishin, Oleg M"]
[Black "Kubik, Rafal"]
[Result "1/2-1/2"]
[WhiteElo "2331"]
[BlackElo "2118"]

1. d4 Nf6 2. Nf3 g6 3. g3 Bg7 4. c4 c6 5. Nc3 d5 6. cxd5 cxd5 7. Ne5 O-O 8.
Bg2 Bf5 9. h3 Nc6 10. g4 Be6 11. O-O h5 12. e3 Nxe5 13. dxe5 Ne4 14. f4
Nxc3 15. bxc3 hxg4 16. hxg4 Qc8 17. Rb1 Rb8 18. Bh3 Qxc3 19. Rb3 Qc7 20.
Rb4 a5 21. Rd4 f6 22. exf6 Bxf6 23. Bb2 Rbd8 24. Bg2 Bf7 25. Rd2 Qb6 26.
Bd4 Bxd4 27. Rxd4 Rfe8 28. Qf3 Qf6 29. g5 Qg7 30. f5 gxf5 31. Qxf5 e6 32.
Qh3 e5 33. Rh4 Be6 34. Qg3 Rf8 35. Rxf8+ Rxf8 36. Rh6 Bf7 37. Rf6 Re8 38.
Qg4 d4 39. Qd7 1/2-1/2

[Event "Najdorf Memorial"]
[Site "Warsaw POL"]
[Date "2024.07.14"]
[Round "6.13"]
[White "Chomczyk, Marek"]
[Black "Rekuc, Patryk"]
[Result "1-0"]
[WhiteElo "2297"]
[BlackElo "2107"]

1. e4 c5 2. Nf3 d6 3. d4 cxd4 4. Nxd4 Nf6 5. Nc3 a6 6. h3 e5 7. Nf3 Be7 8.
g4 h6 9. Rg1 Qc7 10. g5 hxg5 11. Nxg5 Nbd7 12. Be3 Nf8 13. Qf3 Bd8 14.
O-O-O Qc6 15. Qg2 Ne6 16. f4 exf4 17. Nxe6 Bxe6 18. Bxf4 Be7 19. Kb1 Rxh3
20. Nd5 Bf8 21. Rd4 Nd7 22. Qf2 Rh5 23. Be2 Rh3 24. Rc4 Nc5 25. Rxc5 Qxc5
26. Qxc5 dxc5 27. Nc7+ Kd7 28. Nxa8 Rh4 29. Nb6+ Kc6 30. Bg3 Rh3 31. Nd5 b5
32. Nf4 Rh6 33. Nxe6 Rxe6 34. e5 g6 35. Bf3+ Kb6 36. Bd5 1-0

[Event "Najdorf Memorial"]
[Site "Warsaw POL"]
[Date "2024.07.14"]
[Round "6.14"]
[White "Smietanska, Wiktoria"]
[Black "Koziorowicz, Michal"]
[Result "0-1"]
[WhiteElo "2125"]
[BlackElo "2285"]

1. d4 e6 2. Nf3 f5 3. g3 Nf6 4. Bg2 Be7 5. c4 d6 6. b3 O-O 7. O-O Ne4 8.
Bb2 Bf6 9. Nfd2 Nxd2 10. Qxd2 e5 11. dxe5 dxe5 12. e4 Nc6 13. Qxd8 Rxd8 14.
Nc3 Nd4 15. exf5 Nxf5 16. Ne4 c6 17. Rad1 Nd4 18. Rd2 Bg4 19. f3 Bf5 20.
Nxf6+ gxf6 21. Kf2 Nxb3 22. Rxd8+ Rxd8 23. Bxe5 Rd2+ 24. Kg1 fxe5 25. axb3
Rb2 26. Re1 Rxb3 27. Rxe5 Bd3 28. f4 Bxc4 29. Be4 h6 30. g4 Kf7 31. g5 Rb5
32. g6+ Kf8 33. Rxb5 cxb5 34. Kf2 a5 35. Ke3 a4 36. Kd4 a3 37. Kc3 b4+ 38.
Kc2 b3+ 39. Kb1 Kg7 40. f5 b5 41. h4 Kf6 42. Kc1 b2+ 43. Kb1 b4 44. h5 Ke5
45. Bc2 Kd4 0-1

[Event "Najdorf Memorial"]
[Site "Warsaw POL"]
[Date "2024.07.14"]
[Round "6.15"]
[White "Rozycki, Bartlomiej"]
[Black "Mickiewicz, Piotr"]
[Result "1-0"]
[WhiteElo "2099"]
[BlackElo "2257"]

1. d4 Nf6 2. c4 e6 3. Nf3 c5 4. d5 exd5 5. cxd5 d6 6. Nc3 g6 7. Bf4 a6 8.
a4 Bg7 9. h3 O-O 10. e3 Qe7 11. Nd2 Nbd7 12. Nc4 Ne8 13. Be2 Ne5 14. Bxe5
Bxe5 15. Nxe5 Qxe5 16. a5 f5 17. O-O Nf6 18. Ra3 g5 19. Qd3 f4 20. exf4
gxf4 21. Qf3 Bf5 22. Ra4 Rae8 23. Rxf4 Nh5 24. Rh4 Bg6 25. Rxh5 Qxe2 26.
Qxe2 Rxe2 27. Nxe2 Bxh5 28. g4 Re8 29. Nc3 Bg6 30. f3 b5 31. axb6 Rb8 32.
Rf2 Rxb6 33. Rd2 Rb4 34. Kf2 a5 35. Ke3 a4 36. f4 a3 37. f5 axb2 38. fxg6
Rb3 39. gxh7+ Kxh7 40. Ke4 Rxc3 41. Rxb2 Kg6 42. Rb6 Rc4+ 43. Ke3 Kf6 44.
Rxd6+ Ke5 45. Rh6 Rc3+ 46. Kd2 Rg3 47. d6 c4 48. g5 Rxg5 49. d7 Rg8 50. h4
Rd8 51. Rh7 Kd4 52. Rg7 Ra8 53. h5 c3+ 54. Kc2 Ra2+ 55. Kb1 Ra8 56. Rg6 Ke5
57. Kc2 Rd8 58. Rg7 Kd6 59. h6 Kd5 1-0

[Event "Najdorf Memorial"]
[Site "Warsaw POL"]
[Date "2024.07.14"]
[Round "6.16"]
[White "Lisowski, Krzysztof"]
[Black "Janeczko, Jakub"]
[Result "0-1"]
[WhiteElo "2096"]
[BlackElo "2246"]

1. e4 c5 2. Nf3 e6 3. c3 Nf6 4. e5 Nd5 5. a3 b6 6. d4 cxd4 7. cxd4 Be7 8.
Bd3 Ba6 9. O-O Bxd3 10. Qxd3 O-O 11. Nc3 Nxc3 12. bxc3 d5 13. exd6 Qxd6 14.
Re1 Nc6 15. Ne5 Nxe5 16. Rxe5 Bf6 17. Re1 Rac8 18. Be3 Qd5 19. Bf4 Qc4 20.
Re3 Qxd3 21. Rxd3 Rfd8 22. Rad1 Rd5 23. Kf1 Rc4 24. Ke2 Ra4 25. Bc1 Be7 26.
R1d2 Bxa3 27. Bxa3 Rxa3 28. c4 Rxd3 29. Kxd3 Ra5 30. Kc3 Kf8 31. Kb4 Ke7
32. Re2 Kd6 33. c5+ Kc6 34. cxb6 axb6 35. Rc2+ Kd6 36. Kc4 Ra4+ 37. Kb5
Rxd4 38. Rc6+ Kd5 39. Rc7 Rf4 40. f3 Kd4 41. Kxb6 Ke3 42. Rc2 h5 43. Kc5
Rd4 44. Ra2 Rd2 45. Ra7 Rxg2 46. Rxf7 g5 47. Kd6 Rxh2 48. Kxe6 Ra2 49. Kf6
Ra5 50. Kg6 g4 51. fxg4 hxg4 0-1

[Event "Najdorf Memorial"]
[Site "Warsaw POL"]
[Date "2024.07.14"]
[Round "6.17"]
[White "Dhananjay S"]
[Black "Praczukowski, Stanislaw"]
[Result "1-0"]
[WhiteElo "2207"]
[BlackElo "2086"]

1. e4 c6 2. Nc3 d5 3. Nf3 Nf6 4. e5 Ne4 5. Ne2 Qb6 6. d4 e6 7. Ng3 c5 8.
Bd3 Nxg3 9. fxg3 h6 10. O-O Nc6 11. dxc5 Bxc5+ 12. Kh1 Bd7 13. Qe2 Nb4 14.
Ne1 Nxd3 15. Nxd3 Bb5 16. Qg4 g6 17. Bd2 Be7 18. Qf3 Rh7 19. a4 Bxd3 20.
Qxd3 Bg5 21. Bc3 h5 22. Bd4 Qc6 23. Rf3 Rc8 24. c3 a6 25. Raf1 Qc4 26. Qd1
Kf8 27. b3 Qc7 28. h4 Bh6 29. Qb1 Kg8 30. b4 Bf8 31. b5 a5 32. b6 Qd7 33.
Qb3 Rc4 34. Ra1 Be7 35. Rf4 Kg7 36. Raf1 Kg8 37. Be3 Rxf4 38. Rxf4 g5 39.
Rd4 Bc5 40. Bxg5 Bxd4 41. cxd4 Qc6 42. Bf6 Qc4 43. Qe3 Kf8 44. Qg5 Qb4 45.
Kh2 Qa3 46. Qd2 Qxa4 47. Qc3 Qe8 48. Qxa5 Rh6 49. Qc5+ Kg8 50. Qc7 Qa8 51.
Bd8 Rg6 52. Qe7 Kg7 53. Qe8 Qa3 54. Bf6+ Rxf6 55. exf6+ Kxf6 56. Qh8+ Ke7
57. Qxh5 Qb2 58. Qg5+ Ke8 59. h5 Qxd4 60. h6 Qh8 61. Qg7 Qf8 62. Qf6 Qg8
63. Kh1 Qh7 64. Qg5 Kd7 65. g4 Kc6 66. Qg7 Qe4 67. Kh2 Qe1 68. Qf6 Qe4 69.
Qf3 Qg6 70. Qc3+ Kxb6 71. Qg7 Qe4 72. h7 Qf4+ 73. Kh3 Qf1 74. h8=Q 1-0

[Event "Najdorf Memorial"]
[Site "Warsaw POL"]
[Date "2024.07.14"]
[Round "6.18"]
[White "Zalega, Maciej"]
[Black "Kowalczyk, Rafal"]
[Result "1/2-1/2"]
[WhiteElo "2093"]
[BlackElo "2185"]

1. e4 e5 2. Nf3 Nc6 3. Bc4 Nf6 4. d4 exd4 5. e5 d5 6. Bb5 Ne4 7. Nxd4 Bc5
8. Nxc6 Bxf2+ 9. Kf1 bxc6 10. Bxc6+ Kf8 11. Qd3 Qh4 12. Bxd5 Bb6 13. Be3
Bxe3 14. Qxe3 Ba6+ 15. c4 Rd8 16. g3 Bxc4+ 17. Kg1 Qh3 18. Nc3 Bxd5 19.
Nxd5 Rxd5 20. Qxe4 Qe6 21. Re1 h5 22. h4 Rh6 23. Re2 Rd1+ 24. Kf2 Qb6+ 25.
Kg2 Rxh1 26. Kxh1 Qc6 27. Kg2 Qxe4+ 28. Rxe4 Rc6 29. Kf3 Ke7 30. Ra4 a6 31.
b3 Rg6 32. Ra5 Re6 33. Rc5 Kd7 34. Kf4 Rg6 35. e6+ Rxe6 36. Rxh5 Kc6 37. g4
Re2 38. Ra5 Kb6 39. b4 Rf2+ 40. Kg5 Rd2 41. Rf5 f6+ 42. Kg6 Rd4 43. Kxg7
Rxg4+ 44. Kxf6 Rxh4 45. a3 Rh3 46. Ra5 Re3 47. Kf5 c5 48. Kf4 Rb3 49. Rxc5
Rxa3 50. Ra5 Rh3 51. Ke5 Rh4 52. Ra4 Rh6 53. Ra5 Rh5+ 54. Kd4 Rxa5 55.
bxa5+ Kxa5 56. Ke4 1/2-1/2

[Event "Najdorf Memorial"]
[Site "Warsaw POL"]
[Date "2024.07.14"]
[Round "6.19"]
[White "Jasiulewicz, Dawid"]
[Black "Czajkowski, Adam"]
[Result "1/2-1/2"]
[WhiteElo "2073"]
[BlackElo "2184"]

1. d4 Nf6 2. Nf3 g6 3. c4 Bg7 4. Nc3 d5 5. cxd5 Nxd5 6. e4 Nxc3 7. bxc3 c5
8. Rb1 O-O 9. Be2 Nc6 10. d5 Ne5 11. Nxe5 Bxe5 12. Qd2 e6 13. O-O exd5 14.
exd5 Qf6 15. Rb3 Qd6 16. f4 Bg7 17. c4 Re8 18. Bb2 b6 19. f5 Bxb2 20. Qxb2
Qe5 21. fxg6 hxg6 22. Bd3 Qxb2 23. Rxb2 Re3 24. Rd2 Bd7 25. Bc2 Rae8 26.
Rdf2 Re2 27. Bd3 Rxf2 28. Kxf2 Kg7 29. Kf3 Re5 30. h4 b5 31. Kf4 f6 32. Rf3
g5+ 33. hxg5 Rxg5 34. Rg3 Rxg3 35. Kxg3 bxc4 36. Bxc4 Kf8 37. Kf4 1/2-1/2

[Event "Najdorf Memorial"]
[Site "Warsaw POL"]
[Date "2024.07.14"]
[Round "6.20"]
[White "Kondys, Piotr"]
[Black "Padalka, Artem"]
[Result "1-0"]
[WhiteElo "2089"]
[BlackElo "2177"]

1. e4 c5 2. Nf3 e6 3. d4 cxd4 4. Nxd4 Nf6 5. Nc3 Nc6 6. Nxc6 bxc6 7. e5 Nd5
8. Ne4 Qc7 9. f4 Qb6 10. c4 Bb4+ 11. Ke2 f5 12. Nf2 Bc5 13. Nd3 Ne3 14. Qb3
Ng4 15. h3 Nh6 16. Qxb6 Bxb6 17. Be3 Rg8 18. h4 Ng4 19. Bc5 g6 20. g3 Rb8
21. b3 a5 22. Bxb6 Rxb6 23. Nc5 Ke7 24. Rd1 Nh6 25. Kf3 Nf7 26. Rh2 h6 27.
Rhd2 Rd8 28. Na4 Rb4 29. c5 Rb5 30. Ke3 Bb7 31. Rc1 g5 32. hxg5 hxg5 33.
Be2 Rb4 34. Nb6 Rb5 35. Rcd1 Rxb6 36. cxb6 g4 37. Bf1 Nh8 38. a4 Ng6 39.
Rh2 Nf8 40. Rh8 c5 41. Rd6 Rb8 42. Kd2 Bd5 43. Kc3 Rb7 44. Ba6 Rb8 45. Bc4
Bf3 46. Bb5 Rb7 47. Kc4 Bd5+ 48. Kxc5 Bxb3 49. Ba6 Rb8 50. b7 Bxa4 51. Kb6
Bc6 52. Rxc6 dxc6 53. Kc7 Rd8 54. b8=Q Rxb8 55. Kxb8 a4 56. Kc7 a3 57. Bc4
c5 58. Rxf8 Kxf8 59. Bxe6 Ke7 60. Bc4 a2 61. Bxa2 1-0

[Event "Najdorf Memorial"]
[Site "Warsaw POL"]
[Date "2024.07.14"]
[Round "6.21"]
[White "Gacek, Waldemar"]
[Black "Mirski, Stanislaw"]
[Result "0-1"]
[WhiteElo "2081"]
[BlackElo "2174"]

1. Nf3 d5 2. c4 e6 3. e3 Nf6 4. Nc3 a6 5. b3 Be7 6. Bb2 O-O 7. Qc2 b6 8.
cxd5 exd5 9. d4 Bd6 10. Bd3 Re8 11. h3 Nbd7 12. O-O Bb7 13. Rfd1 Qe7 14. a4
Rac8 15. Qe2 Ra8 16. Nb1 c5 17. Ba3 Ne4 18. Qf1 f5 19. Nbd2 Qf6 20. Bb1 Qh6
21. a5 b5 22. dxc5 Ndxc5 23. Bc2 f4 24. exf4 Bxf4 25. Nxe4 dxe4 26. Nd4 Bc7
27. Bc1 Qd6 28. Nf3 Qf6 29. Nd4 Be5 30. Be3 Rad8 31. Nxb5 axb5 32. Bxc5
Bxa1 33. Rxa1 Qc3 34. Bb6 Rd2 35. Ra2 Rxc2 36. Qxb5 Bc6 0-1

[Event "Najdorf Memorial"]
[Site "Warsaw POL"]
[Date "2024.07.14"]
[Round "6.22"]
[White "Chmiel, Marcin"]
[Black "Rzewucki, Jan"]
[Result "0-1"]
[WhiteElo "2161"]
[BlackElo "1960"]

1. c4 e5 2. g3 d6 3. Bg2 f5 4. Nc3 Nf6 5. e3 Be7 6. Nge2 O-O 7. O-O c6 8.
d4 Be6 9. b3 Bf7 10. Ba3 e4 11. f3 d5 12. Bxe7 Qxe7 13. fxe4 fxe4 14. Qc2
Na6 15. cxd5 Nb4 16. Qd2 cxd5 17. a3 Nd3 18. Nf4 Nxf4 19. Rxf4 Be6 20. Na4
b6 21. Qb4 Qxb4 22. axb4 Rac8 23. Rf2 Rc7 24. h3 Rfc8 25. g4 h5 26. g5 Ne8
27. Rd2 Nd6 28. Kf2 Nf5 29. Nb2 Rf8 30. Ke2 Ng3+ 31. Ke1 Rcf7 0-1

[Event "Najdorf Memorial"]
[Site "Warsaw POL"]
[Date "2024.07.14"]
[Round "6.23"]
[White "Krawczyk, Wojciech"]
[Black "Aishwin Daniel"]
[Result "1/2-1/2"]
[WhiteElo "2072"]
[BlackElo "2155"]

1. d4 e6 2. c4 f5 3. g3 Nf6 4. Bg2 Be7 5. Nf3 d6 6. b3 O-O 7. O-O a5 8. Bb2
a4 9. b4 Ne4 10. a3 b6 11. Nfd2 d5 12. Nxe4 fxe4 13. Nc3 Kh8 14. Nxa4 Nd7
15. Nc3 Nf6 16. Rc1 Ba6 17. b5 Bb7 18. Nb1 dxc4 19. Rxc4 Bd6 20. Qc2 Bd5
21. Rc3 Qe8 22. a4 Qh5 23. f3 exf3 24. exf3 e5 25. Re3 Qh6 26. Rfe1 exd4
27. Bxd4 Bf7 28. Nc3 Rad8 29. Bxf6 Qxf6 30. Ne4 Bg6 31. Qe2 Bxe4 32. Rxe4
Qc3 33. Kh1 Bb4 34. Rd1 Rxd1+ 35. Qxd1 Bd6 36. f4 Bc5 37. Re2 Qf6 38. Re5
Bd6 39. Rh5 g6 40. Rd5 Re8 41. h4 Bxf4 42. Qf1 Be5 43. Qxf6+ Bxf6 44. Bf3
Rd8 1/2-1/2

[Event "Najdorf Memorial"]
[Site "Warsaw POL"]
[Date "2024.07.14"]
[Round "6.24"]
[White "Fus, Jakub"]
[Black "Sujkowski, Pawel"]
[Result "1-0"]
[WhiteElo "2444"]
[BlackElo "1985"]

1. e4 c5 2. Nf3 Nc6 3. Bb5 Nf6 4. Bxc6 dxc6 5. d3 Bg4 6. h3 Bh5 7. g4 Bg6
8. b3 Nd7 9. Bb2 Qc7 10. e5 e6 11. Nbd2 Be7 12. Qe2 h5 13. Rg1 hxg4 14.
hxg4 O-O-O 15. Ne4 Rh3 16. O-O-O Rdh8 17. Kb1 Kb8 18. Neg5 R3h6 19. Rge1
Nb6 20. Ne4 Rh3 21. Nfd2 Rh2 22. Qf1 Nd5 23. Nc4 R8h7 24. Ncd6 Bxe4 25.
dxe4 Nf4 26. Bc1 Bh4 27. Bxf4 Rxf2 28. Qd3 Rxf4 29. Rh1 Rxg4 30. Ne8 Qc8
31. Qf3 f5 32. exf6 1-0

[Event "Najdorf Memorial"]
[Site "Warsaw POL"]
[Date "2024.07.14"]
[Round "6.25"]
[White "Johannesson, Ingvar Thor"]
[Black "Szymkiewicz, Witold"]
[Result "1-0"]
[WhiteElo "2314"]
[BlackElo "2054"]

1. c4 e5 2. g3 Nf6 3. Bg2 c6 4. Nf3 e4 5. Nd4 d5 6. cxd5 cxd5 7. O-O Qb6 8.
Nc2 Bd6 9. d3 O-O 10. Nc3 Re8 11. Be3 Qd8 12. dxe4 dxe4 13. Bg5 Bf5 14. Ne3
Bg6 15. Nc4 Bc7 16. Qxd8 Bxd8 17. Nd6 Re6 18. Bxf6 Rxd6 19. Bxd8 Rxd8 20.
Nxe4 Nd7 21. Nd6 Nc5 22. Nxb7 Nxb7 23. Bxb7 Rab8 24. Rfd1 Re8 25. Bf3 Rxb2
26. Rd7 a5 27. Ra7 h6 28. Rxa5 Be4 29. Bxe4 Rxe4 30. e3 Rc4 31. Rf5 Ra4 32.
Rc1 f6 33. h4 Rbxa2 34. Rc8+ Kf7 35. Rc7+ Kg6 36. Rb5 Ra7 37. h5+ Kh7 38.
Rc8 Ra8 39. Rxa8 Rxa8 40. Kg2 Ra7 41. g4 Re7 42. Kg3 Kg8 43. Kf4 Kf7 44.
Kf5 Ra7 45. f4 Rc7 46. Ra5 Rb7 47. e4 Re7 48. Rb5 Ra7 49. Rd5 Rb7 50. e5
fxe5 51. fxe5 Rb6 52. Rd7+ Kf8 53. Ra7 Rc6 54. Ra5 Kf7 55. Rb5 Ra6 56. Rb7+
Kf8 57. g5 hxg5 58. e6 g4 59. h6 gxh6 60. Kf6 Kg8 61. Rg7+ Kh8 62. Rxg4 Ra1
63. e7 Rf1+ 64. Ke5 1-0

[Event "Najdorf Memorial"]
[Site "Warsaw POL"]
[Date "2024.07.14"]
[Round "6.26"]
[White "Przybylski, Bartosz"]
[Black "Chiszko, Oskar"]
[Result "1/2-1/2"]
[WhiteElo "2060"]
[BlackElo "2192"]

1. e4 c5 2. Nf3 d6 3. d4 cxd4 4. Nxd4 Nf6 5. Nc3 a6 6. Bg5 Nbd7 7. Bc4 h6
8. Bxf6 Nxf6 9. Qe2 e6 10. O-O-O Qc7 11. f4 Be7 12. e5 dxe5 13. fxe5 Nh7
14. h4 O-O 15. Bd3 Rd8 16. g4 Nf8 17. Nf3 Ng6 18. Qh2 Bc5 19. Rhe1 Bb4 20.
h5 Bxc3 21. bxc3 Ne7 22. g5 Nf5 23. Bxf5 Rxd1+ 24. Rxd1 exf5 25. gxh6 Qb6
26. hxg7 Qe3+ 27. Kb2 Qxf3 28. Rd8+ Kxg7 29. Qh4 Qc6 30. Qg5+ Kh7 31. h6
Qg6 32. Qe7 Qb6+ 33. Ka1 Qg1+ 34. Kb2 Qb6+ 35. Ka1 1/2-1/2

[Event "Najdorf Memorial"]
[Site "Warsaw POL"]
[Date "2024.07.14"]
[Round "6.27"]
[White "Tsiapko, Andrii"]
[Black "Ashwath, Kaushik"]
[Result "0-1"]
[WhiteElo "2167"]
[BlackElo "2029"]

1. d4 d5 2. c4 e6 3. Nf3 Nf6 4. g3 Bb4+ 5. Bd2 Be7 6. Bg2 O-O 7. O-O c6 8.
Qc2 b6 9. Rd1 Nbd7 10. b3 Re8 11. Bf4 Bb7 12. Nc3 Rc8 13. e4 dxe4 14. Nxe4
Nxe4 15. Qxe4 Nf6 16. Qc2 Bf8 17. Ne5 Qe7 18. Rac1 Red8 19. c5 bxc5 20.
dxc5 Nd5 21. Bd2 Qc7 22. Nd3 Ba6 23. Be1 e5 24. b4 f5 25. Nb2 e4 26. Nc4
Qf7 27. Bf1 Rb8 28. a3 Qe6 29. Qb2 Re8 30. Ne3 Bxf1 31. Nxd5 cxd5 32. Kxf1
f4 33. gxf4 Qh3+ 34. Kg1 Qg4+ 35. Kf1 Qf3 36. Rxd5 e3 37. Rg5 Qh1+ 38. Ke2
exf2+ 39. Kxf2 Bxc5+ 40. Rcxc5 Qxh2+ 41. Rg2 Qxf4+ 0-1

[Event "Najdorf Memorial"]
[Site "Warsaw POL"]
[Date "2024.07.14"]
[Round "6.28"]
[White "Gbiorczyk, Mikolaj"]
[Black "Jarzebowski, Kacper"]
[Result "1-0"]
[WhiteElo "2034"]
[BlackElo "2131"]

1. Nf3 Nf6 2. g3 g6 3. b3 Bg7 4. Bb2 O-O 5. Bg2 c5 6. c4 Nc6 7. O-O d5 8.
cxd5 Nxd5 9. Bxg7 Kxg7 10. d4 cxd4 11. Nxd4 e5 12. Nxc6 bxc6 13. Qc2 Be6
14. Nd2 a5 15. Qxc6 Rc8 16. Qb5 Nc3 17. Qxe5+ f6 18. Qxe6 Re8 19. Qa6 Qxd2
20. e3 h5 21. h4 Rc7 22. Kh1 Re5 23. Qb6 Rec5 24. b4 axb4 25. Qxb4 Rb5 26.
Qd4 Rd7 27. Qxd2 Rxd2 28. a4 Ra5 29. Ra3 Rc2 30. Rfa1 f5 31. Bf3 Kf6 32.
Kg2 Ke5 33. Bd1 Nxd1 34. Rxd1 Rb2 35. Rd4 Rc5 36. Rf4 Rcc2 37. Rd3 Ra2 38.
Rd8 Kf6 39. Rd6+ Kg7 40. Rdd4 Re2 41. e4 fxe4 42. Rdxe4 Rec2 43. Re7+ Kg8
44. Rf6 Rxa4 45. Rxg6+ Kf8 46. Re5 Raa2 47. Rf5+ Ke7 48. Rgg5 Ke6 49. Rf4
Rd2 50. Rxh5 Rdb2 51. Rh8 Rb1 52. h5 Raa1 53. Re8+ Kd7 54. Ree4 Rg1+ 55.
Kf3 Ra3+ 56. Re3 Ra5 57. Rd4+ Kc6 58. Rc3+ Kb6 59. Rb4+ Ka7 60. g4 Rh1 61.
Kg2 1-0

[Event "Najdorf Memorial"]
[Site "Warsaw POL"]
[Date "2024.07.14"]
[Round "6.29"]
[White "Kaczmarek, Arkadiusz"]
[Black "Nagly, Wojciech"]
[Result "0-1"]
[WhiteElo "2103"]
[BlackElo "2016"]

1. d4 d5 2. c4 e6 3. Nc3 Nf6 4. Nf3 Bb4 5. Qa4+ Nc6 6. e3 O-O 7. Qc2 Bd7 8.
Bd2 Re8 9. Rd1 Bd6 10. Be2 dxc4 11. Bxc4 e5 12. dxe5 Nxe5 13. Nxe5 Bxe5 14.
h3 Bc6 15. O-O Qe7 16. Rfe1 Rad8 17. Qb3 a6 18. Bc1 b5 19. Nd5 Qe6 20.
Nxf6+ Qxf6 21. Bd5 Bxd5 22. Rxd5 Rxd5 23. Qxd5 Rd8 24. Qb3 c5 25. a4 c4 26.
Qc2 Qd6 27. axb5 axb5 28. f4 Bf6 29. e4 Qc5+ 30. Be3 Bd4 31. Bxd4 Qxd4+ 32.
Qf2 Kf8 33. Qxd4 Rxd4 34. Kf2 f5 35. exf5 Rxf4+ 36. Ke3 Rxf5 37. Ra1 Rd5
38. Ra3 Kf7 39. b4 cxb3 40. Rxb3 Ke6 41. Ke4 Kd6 42. g4 Kc6 43. h4 Rd7 44.
Rc3+ Kb6 45. g5 b4 46. Rf3 g6 47. Ke5 Kb5 48. Ke6 Rd4 49. Rh3 Ka4 50. h5 b3
51. hxg6 hxg6 52. Kf7 b2 53. Rh1 Rd6 0-1

[Event "Najdorf Memorial"]
[Site "Warsaw POL"]
[Date "2024.07.14"]
[Round "6.30"]
[White "Sprzeczka, Emilia"]
[Black "Bartodziej, Bartosz"]
[Result "1-0"]
[WhiteElo "2101"]
[BlackElo "2005"]

1. e4 c5 2. Nf3 d6 3. d4 cxd4 4. Nxd4 Nf6 5. f3 e5 6. Nb3 d5 7. Bg5 Be6 8.
Bxf6 gxf6 9. exd5 Qxd5 10. Qxd5 Bxd5 11. Nc3 Be6 12. O-O-O Nd7 13. Nb5 Bh6+
14. Kb1 Ke7 15. Nd6 b6 16. Bb5 Rad8 17. Rhe1 a6 18. Bf1 a5 19. Bb5 f5 20.
Nd4 exd4 21. Nxf5+ Kf6 22. Nxh6 Nc5 23. Ng4+ Bxg4 24. fxg4 Ne6 25. Rf1+ Ke7
26. Rf5 Rhg8 27. h3 Rg5 28. Re1 Rd5 29. Bd3 Kf8 30. Rf2 Rde5 31. Ref1 Rg7
32. Kc1 Ke7 33. Kd2 h5 34. gxh5 Rxh5 35. Bf5 Nc5 36. Re2+ Kd6 37. Rf4 Kd5
38. Bg4 Re5 39. Bf3+ Ke6 40. Rxd4 Rxe2+ 41. Kxe2 Ke5 42. Rd8 f5 43. a3 Ne6
44. Rd5+ Kf4 45. Rd6 Re7 46. Kf2 Nc5 47. Rxb6 Ne4+ 48. Bxe4 1-0

[Event "Najdorf Memorial"]
[Site "Warsaw POL"]
[Date "2024.07.14"]
[Round "6.32"]
[White "Zaninotto, Franco"]
[Black "Zysko, Jan"]
[Result "0-1"]
[WhiteElo "1961"]
[BlackElo "2089"]

1. e4 c5 2. Nf3 e6 3. c3 Nf6 4. Bd3 d5 5. e5 Nfd7 6. Bc2 c4 7. d4 cxd3 8.
Bxd3 Nc6 9. Bf4 Be7 10. h4 f6 11. exf6 Nxf6 12. Qc2 Bd6 13. Bg5 Qc7 14. Nd4
a6 15. Nd2 Nxd4 16. cxd4 Qxc2 17. Bxc2 h6 18. Be3 Ng4 19. Ke2 Bd7 20. Nf3
Ke7 21. Bd3 Nxe3 22. Kxe3 Kf6 23. h5 Rhe8 24. Rac1 Rac8 25. Rxc8 Bxc8 26.
a3 Bd7 27. Bg6 Rf8 28. g3 Rc8 29. Re1 Ba4 30. Kd2 b5 31. Ke3 Rb8 32. b4 a5
33. Rb1 axb4 34. axb4 Rc8 35. Bd3 Rc3 36. Kd2 Ra3 37. Rb2 Bd1 38. Ne5 Bxe5
39. dxe5+ Kxe5 40. Bxb5 Bxh5 41. Bc6 Rf3 42. Ke1 Rf8 43. Ra2 Rb8 44. b5 Be8
45. Bxe8 Rxe8 46. Ra7 g5 47. Rh7 Rb8 48. Rxh6 Rxb5 49. Rh5 Kf6 50. Ke2 Rb4
51. Ke3 Re4+ 52. Kd3 Re5 53. Rh8 Kg6 54. Ra8 Rf5 55. Ke3 Rf7 56. Ra6 Kf5
57. Ra8 Kf6 58. Rg8 Ra7 59. Rf8+ Kg7 60. Rd8 Ra4 61. Rb8 Kf6 62. Rf8+ Ke5
63. f4+ gxf4+ 64. gxf4+ Kd6 65. Rd8+ Ke7 66. Rb8 Ra3+ 67. Ke2 Rh3 68. Ra8
Kf6 69. Rf8+ Ke7 70. Ra8 Rb3 71. Rc8 Kd6 72. Rd8+ Kc7 73. Rf8 Rh3 74. Re8
Kd7 75. Ra8 Kd6 76. Ra6+ Ke7 77. Ra8 Rb3 78. Rh8 Kd6 79. Re8 Rb4 80. Kf3
Ra4 81. Ke3 Re4+ 82. Kf3 Re1 83. Ra8 d4 84. Ra5 Re3+ 85. Kf2 Rc3 86. Ke2
Rc5 87. Ra8 Kd5 88. Kf3 Rc3+ 89. Ke2 Ke4 90. Ra6 Re3+ 91. Kd2 Kxf4 0-1

[Event "Najdorf Memorial"]
[Site "Warsaw POL"]
[Date "2024.07.14"]
[Round "6.33"]
[White "Suska, Szymon"]
[Black "Klim, Filip"]
[Result "1-0"]
[WhiteElo "2079"]
[BlackElo "2000"]

1. Nf3 d5 2. c4 e6 3. e3 Nf6 4. b3 c6 5. Bb2 Nbd7 6. Be2 Bd6 7. d4 O-O 8.
Nbd2 b6 9. Qc2 Bb7 10. Ne5 c5 11. Nxd7 Qxd7 12. dxc5 Bxc5 13. Bxf6 gxf6 14.
Bf3 Rac8 15. O-O dxc4 16. Bxb7 Qxb7 17. Qxc4 f5 18. Qe2 Bb4 19. Nf3 Bc3 20.
Rac1 Bf6 21. Nd2 Rfd8 22. a4 a6 23. Rfd1 b5 24. axb5 axb5 25. Rxc8 Qxc8 26.
Nf3 Rxd1+ 27. Qxd1 Qc3 28. g3 Qa1 29. Qxa1 Bxa1 30. Kf1 Kf8 31. Ke2 Ke7 32.
Kd3 Bf6 33. Nd2 h5 34. e4 fxe4+ 35. Nxe4 Be5 36. f4 Bb2 37. Nc3 Bxc3 38.
Kxc3 Kd6 39. Kd4 f6 40. b4 Kc6 41. h3 f5 42. Ke5 Kd7 43. Kf6 Kd6 44. Kg5
Kd5 45. Kxh5 Ke4 46. Kg5 Kf3 47. g4 e5 48. fxe5 1-0

[Event "Najdorf Memorial"]
[Site "Warsaw POL"]
[Date "2024.07.14"]
[Round "6.34"]
[White "Chachere, Theodore"]
[Black "Krol, Jan"]
[Result "0-1"]
[WhiteElo "1947"]
[BlackElo "2064"]

1. d4 Nf6 2. c4 e6 3. Nc3 Bb4 4. Qc2 O-O 5. Nf3 c5 6. dxc5 Na6 7. g3 Nxc5
8. Bg2 Nce4 9. O-O Nxc3 10. bxc3 Be7 11. e4 d6 12. e5 dxe5 13. Nxe5 Qc7 14.
Qe2 Bd6 15. Bf4 Ne8 16. Rab1 f6 17. Nd3 Qxc4 18. Bxb7 Bxb7 19. Rxb7 e5 20.
Be3 Nc7 21. Rfb1 Nd5 22. Rd7 Rfd8 23. Rbb7 Bc7 24. Rxd8+ Rxd8 25. Nc1 Qxe2
26. Nxe2 Nxe3 27. fxe3 Bb6 28. Kf2 Rd3 29. g4 Bxe3+ 30. Kg2 Bb6 31. a4 Rd2
32. Kf1 Ra2 33. Rb8+ Kf7 34. Rb7+ Ke6 35. Rxg7 Rxa4 36. h3 Ra1+ 37. Kg2 Ra2
38. Kf1 h6 39. Rh7 Be3 40. Ng3 Rf2+ 41. Ke1 Rh2 42. Nf5 Rxh3 43. c4 Bc5 44.
Rc7 Bb4+ 45. Ke2 e4 46. Rxa7 Rh2+ 47. Kd1 Rd2+ 48. Kc1 Rd8 49. Kc2 Ke5 50.
Nxh6 Kf4 51. Rf7 Rd6 52. Nf5 Rc6 53. Kd1 Bc5 54. Rg7 e3 55. Ke2 Rb6 56. Rg8
Rb2+ 57. Kd3 Rd2+ 58. Kc3 Rd7 59. Re8 Kf3 60. Nh4+ Kf2 61. Re4 e2 62. Ng2
Kxg2 63. Rxe2+ Kf3 64. Re6 Kxg4 0-1

[Event "Najdorf Memorial"]
[Site "Warsaw POL"]
[Date "2024.07.14"]
[Round "6.35"]
[White "Bergan, Gaute"]
[Black "Gibala, Adam"]
[Result "0-1"]
[WhiteElo "2027"]
[BlackElo "2171"]

1. e4 c5 2. c3 d5 3. exd5 Nf6 4. c4 e6 5. dxe6 Bxe6 6. Nf3 Qe7 7. Be2 Bxc4
8. d3 Be6 9. O-O Nc6 10. Nc3 Qd7 11. Ne4 Be7 12. Bg5 Nxe4 13. dxe4 Qxd1 14.
Rfxd1 Bxg5 15. Nxg5 Nd4 16. Kf1 Rd8 17. Nf3 Nxf3 18. Rxd8+ Kxd8 19. Bxf3
Ke7 20. Rc1 b6 21. a3 Rd8 22. Ke1 Rd3 23. Be2 Rd4 24. f3 Bb3 25. Bb5 c4 26.
Ke2 Kd6 27. Be8 f6 28. h4 Kc5 29. h5 h6 30. Bg6 b5 31. f4 a5 32. Ke3 Rd3+
33. Ke2 Kd4 34. e5 Re3+ 35. Kd2 fxe5 36. fxe5 Rxe5 37. Rf1 Rg5 38. Rf4+ Ke5
39. Rf2 b4 40. axb4 axb4 41. Re2+ Kd5 42. Rf2 Kc5 43. Re2 Rd5+ 44. Ke1 Rd1+
45. Kf2 Rd7 46. Ke1 c3 47. Re5+ Kd6 48. Re4 c2 49. Rd4+ Kc5 0-1

[Event "Najdorf Memorial"]
[Site "Warsaw POL"]
[Date "2024.07.14"]
[Round "6.36"]
[White "Choroszej, Aleksander"]
[Black "Maslanka, Wojciech"]
[Result "1/2-1/2"]
[WhiteElo "1997"]
[BlackElo "2166"]

1. d4 Nf6 2. c4 e6 3. Nc3 Bb4 4. f3 c5 5. d5 d6 6. e4 b5 7. Ne2 bxc4 8. Nf4
e5 9. Ne2 Nbd7 10. Ng3 Nb6 11. Be2 Ng8 12. O-O Ne7 13. f4 exf4 14. Bxf4 Ng6
15. Qc1 Bxc3 16. Qxc3 Nxf4 17. Rxf4 O-O 18. Nh5 Qg5 19. Raf1 Rb8 20. h4 Qe5
21. Qxe5 dxe5 22. R4f3 Bg4 23. Nf6+ gxf6 24. Rg3 h5 25. Bxg4 hxg4 26. Rxg4+
Kh7 27. Rf5 Kh6 28. Rxf6+ Kh7 29. Rf5 Kh6 30. Rf6+ Kh7 31. Rf5 1/2-1/2

[Event "Najdorf Memorial"]
[Site "Warsaw POL"]
[Date "2024.07.14"]
[Round "6.37"]
[White "Dalkowski, Rafal"]
[Black "Lecki, Leonard"]
[Result "0-1"]
[WhiteElo "2101"]
[BlackElo "2026"]

1. Nf3 d5 2. c4 c6 3. e3 Nf6 4. Nc3 e6 5. Qc2 Bd6 6. Be2 e5 7. cxd5 cxd5 8.
Nb5 Nc6 9. Nxd6+ Qxd6 10. b3 Bg4 11. h3 Bh5 12. Bb2 O-O 13. d4 Nb4 14. Qd2
e4 15. Ne5 Bxe2 16. Ba3 Nd3+ 17. Qxd3 exd3 18. Bxd6 Rfc8 19. f3 Rc2 20. Kf2
Rac8 21. Ba3 Nh5 22. Rhc1 f6 23. Nd7 Bf1+ 24. Rxc2 Rxc2+ 25. Kxf1 Ng3+ 26.
Kg1 d2 27. Kh2 Ne2 28. e4 Nc1 0-1